Loading...

കമ്മ്യുണിസം;ചില തിരുത്തലുകൾ (Communism;chila thiruthalukal)

Bibliografiske detaljer
Hovedforfatter: ചന്ദ്രശേഖരൻ,എം.ആർ (Chandrasekhar,M.R)
Format: Printed Book
Udgivet: Kozhikkode: Olive, 2009.
Udgivelse:2
Fag:
LEADER 00616cam a2200145ua 4500
999 |c 21875  |d 21875 
082 |a M335.43  |b CHA/C 
100 |a ചന്ദ്രശേഖരൻ,എം.ആർ (Chandrasekhar,M.R) 
245 1 0 |a കമ്മ്യുണിസം;ചില തിരുത്തലുകൾ (Communism;chila thiruthalukal)  
250 |a 2 
260 |a Kozhikkode:  |b Olive,  |c 2009. 
300 |a 202p. 
650 0 |a Communism-Marxism  |a Communist party-India  |a Communist theory-politics 
942 |c BK 
952 |0 0  |1 0  |4 0  |6 M_335_430000000000000_CHA_C  |7 0  |9 23164  |a KUCL  |c M  |d 2014-05-23  |g 120.00  |l 0  |o M335.43 CHA/C  |p 22171  |r 2014-05-23  |y BK